000 00255nam a22001217a 4500
003 SGT
082 _a823
_bBLY
100 _aBLYTON ENID
245 _aFIVE GO TO MYSTERY MOOR
260 _aLONDON
_bHOLDER PUB
_c1997
300 _a196
942 _2ddc
_cBK
999 _c33951
_d33951